| 000 | 00800 a2200241 4500 | ||
|---|---|---|---|
| 999 |
_c68439 _d41246 |
||
| 001 | 68439 | ||
| 003 | TR-AnTOB | ||
| 005 | 20200602100616.0 | ||
| 008 | 160630s gw 001 0 d | ||
| 020 | _a319011630x | ||
| 040 |
_aTR-AnTOB _cTR-AnTOB |
||
| 041 | 0 | _ager | |
| 050 | 0 | 0 |
_aPF3111 _b.Ü28 1999 cd-rom |
| 090 | _aPF3111 .Ü28 1999 cd-rom | ||
| 245 | 0 | 0 |
_aÜbungsblatter per mausklick _bÜbungsgenerator für Deutsch als fremdsprache. _h[computer file]: |
| 260 |
_aIsmaning: _bMax Hueber Verlag, _c1999. |
||
| 300 | _a1 computer optical disk. | ||
| 538 | _aDisc characteristics:CD-ROM. | ||
| 538 | _aSystem requirements: Windows 3.1, Windows 95. | ||
| 650 | 0 |
_aGerman language _xComposition and exercises _940862 |
|
| 650 | 7 |
_aAlman dili _xKompozisyon ve alıştırmalar _2etuturkob _934051 |
|
| 942 |
_cVCD _2lcc |
||